000 01130cam a22003137a 4500
003 CHAP
005 20220329140024.0
008 971013s1969 r 00010 d
010 _a45737
011 _a46709
035 _a50850
040 _cCHAP
082 _a674
_bR4
100 0 0 _aRendle, B. J.
_eed.
_995910
245 0 _aWorld timbers
260 _aLondon :
_bErnest Benn Ltd.,
_c1969-70
300 _a3 v.
_b: ilus.
505 _aContenido : v.1 Europe and Africa.--v.2 North and South America, including Central America and the West Indies.--v.3 Asia and Australia and New Zealand
590 _aBATCH-UPD
_b10
_c20130110
_lUCH01
_h1512
590 _aCONVERSION
_b10
_c20130109
_lUCH01
_h1325
650 1 4 _aMadera.
_969594
650 1 4 _aMadera
_xEstructura.
_969607
901 _aBK
942 _cLIBRO
949 _a674 R4
_bBC
_cLIBRO
_d33724000149720
_eLIBRO
_fv.2
_h29578
_i50850
_si
949 _a674 R4
_bBC
_cLIBRO
_d33724000149738
_eLIBRO
_fv.1
_h29577
_i50850
_si
949 _a674 R4
_bBC
_cLIBRO
_d33724000149746
_eLIBRO
_fv.2 c.2
_h54815
_i50850
_si
949 _a674 R4
_bBC
_cLIBRO
_d33724000149753
_eLIBRO
_fv.3
_h29579
_i50850
_si
999 _c45737
_d45737